书目信息 |
| 题名: |
一个真实的凯瑟琳·赫本
|
|
| 作者: | 明明 编 | |
| 分册: | ||
| 出版信息: | 北京 东方出版社 2007.02 |
|
| 页数: | 357页 | |
| 开本: | 23cm | |
| 丛书名: | 美丽与哀愁 | |
| 单 册: | ||
| 中图分类: | K837.125 | |
| 科图分类: | ||
| 主题词: | 演员--yan yuan--生平事迹--美国--现代 | |
| 电子资源: | ||
| ISBN: | 978-7-5060-2265-1 | |
| 000 | 01016nam 2200253 450 | |
| 001 | 012007206239 | |
| 005 | 20071008102105.35 | |
| 010 | @a978-7-5060-2265-1@dCNY48.00 | |
| 100 | @a20070730d2007 km y0chiy0120 ea | |
| 101 | 0 | @achi |
| 102 | @aCN@b110000 | |
| 105 | @ac z 000yb | |
| 200 | 1 | @a一个真实的凯瑟琳·赫本@Ayi ge zhen shi de kai se lin·he ben@f明明编@Fming ming bian |
| 210 | @a北京@c东方出版社@d2007.02 | |
| 215 | @a357页@c肖像@d23cm | |
| 225 | 2 | @a美丽与哀愁@Amei li yu ai chou |
| 330 | @a本书介绍了1909年11月8日,凯瑟琳·赫本诞生于美国康涅狄格州。自1932年从影以来,这位才华卓越的女演员纵横影坛达半个世纪之久,出演了58部影片,12次获奥斯卡奖提名,并四度摘取“最佳女演员”的桂冠:1933年的《牵牛花》、1967的《猜猜谁来赴晚宴》等。 | |
| 410 | 0 | @12001 @a美丽与哀愁 |
| 600 | 1 | @a赫本@Ahe ben@c(Hepburn, Katharine),@f1907-2003@x生平事迹 |
| 606 | 0 | @a演员@Ayan yuan@x生平事迹@y美国@z现代 |
| 690 | @aK837.125@v4 | |
| 701 | 0 | @a明明@Aming ming@4编 |
| 801 | 0 | @aCN@c20071008 |
| 905 | @dK837.125@eH329 | |
| 一个真实的凯瑟琳·赫本/明明编.-北京:东方出版社,2007.02 |
| 357页:肖像;23cm.-(美丽与哀愁) |
| ISBN 978-7-5060-2265-1:CNY48.00 |
| 本书介绍了1909年11月8日,凯瑟琳·赫本诞生于美国康涅狄格州。自1932年从影以来,这位才华卓越的女演员纵横影坛达半个世纪之久,出演了58部影片,12次获奥斯卡奖提名,并四度摘取“最佳女演员”的桂冠:1933年的《牵牛花》、1967的《猜猜谁来赴晚宴》等。 |
| ● |
| 相关链接 |
|
|
|
正题名:一个真实的凯瑟琳·赫本
索取号:K837.125/H329
 
预约/预借
| 序号 | 登录号 | 条形码 | 馆藏地/架位号 | 状态 | 备注 |
| 1 | 251926 | 202519266 | 社科库309/309社科库 3排2列5层/ [索取号:K837.125/H329] | 在馆 | |
| 2 | 251927 | 202519275 | 社科库309/309社科库 3排2列5层/ [索取号:K837.125/H329] | 在馆 |